Indios, Chinos, falsarios. Las Historias del mundo en el Renacimiento

Salvato in:
Dettagli Bibliografici
Autore principale: Marcocci, Giuseppe
Natura: Sconosciuto
Lingua:inglese
Pubblicazione: Madrid, España. Alianza Editorial, 2019
Soggetti:
Tags: Aggiungi Tag
Nessun Tag, puoi essere il primo ad aggiungerne!!

MARC

LEADER 00000 a2200000 4500
003 CL-VaPUC
005 20211022092259.0
008 210422b2019 ||||| |||| 00| 0 eng d
999 |c 432854  |d 432852 
020 |a 9788491815198 
040 |c Pontificia Universidad Católica de Valparaíso 
082 |a 940.21 MAR 2019 
100 1 |a Marcocci, Giuseppe   |9 860675 
245 1 |a Indios, Chinos, falsarios.  |b Las Historias del mundo en el Renacimiento 
260 |a Madrid, España.   |b Alianza Editorial,  |c 2019 
300 |a 345 páginas 
583 |k Cristina Rojas  |c 20210422 
650 |a Renacimiento   |y Siglos 15-16   |x Relatos e historias  |9 862077 
650 |a Historiografía   |x Siglos 15-16  |9 862078 
942 |2 ddc  |c BK 
952 |0 0  |1 0  |2 ddc  |4 0  |6 940_210000000000000_MAR_2019  |7 0  |8 A  |9 578179  |a BIBHIS  |b BIBHIS  |d 2021-06-16  |e 3  |g 0.00  |i 5584965  |l 4  |m 1  |o 940.21 MAR 2019  |p 5584965  |r 2025-01-20  |s 2024-10-22  |t 2  |v 0.00  |w 2021-06-16  |y BK  |k HIS 
952 |0 0  |1 0  |2 ddc  |4 0  |6 940_210000000000000_MAR_2019  |7 0  |8 A  |9 578180  |a BIBHIS  |b BIBHIS  |d 2021-06-16  |e 3  |g 0.00  |i 5584957  |l 5  |o 940.21 MAR 2019  |p 5584957  |r 2025-01-20  |s 2024-11-05  |t 1  |v 0.00  |w 2021-06-16  |y BK  |k HIS